000 00438nam a2200169 4500
005 20260512091141.0
008 260512b |||||||| |||| 00| 0 eng d
020 _a9780137865093
082 _a658.83
_bSOL-C
100 _aSolomon R.Michael
245 _aConsumer Behaviour
_bBuying,Having,And Being
250 _a14th Ed
260 _aUSA
_bPearson Education Publishers
300 _a521p
650 _aManagement
942 _cBK
999 _c47566
_d47566